[Event "First Frome Open"]
[Site "?"]
[Date "1990.05.20"]
[Round "5"]
[White "P. Chapman"]
[Black "T. Headlong"]
[WhiteElo "1825"]
[BlackElo "2455"]
[Result "1/2-1/2"]

1. Nf3 c5 2. g3 Nc6 3. Bg2 g6 4. O-O Bg7 5. d3 Nf6 6. Nbd2 O-O 7. e4 d6 8.
a4 Rb8 9. Nc4 h6 10. h4 Be6 11. e5 dxe5 12. Ncxe5 Nxe5 13. Nxe5 Bd5 14. Ng4
Nxg4 15. Qxg4 Rc8 16. Rb1 c4 17. Rd1 Bxg2 18. Kxg2 Qd5+ 19. Qe4 Rfd8 20.
Be3 cxd3 21. Qxd5 Rxd5 22. Rxd3 Rxd3 23. cxd3 a6 24. Rc1 Rxc1 25. Bxc1 f5
26. b3 Kf7 27. Kf3 h5 28. Ba3 Ke6 29. Ke3 Bf6 30. Bb4 Kd5 31. Ba3 Bd4+ 32.
Ke2 e5 33. Bb4 Kc6 34. Bd2 b5 35. axb5+ Kxb5 36. Be1 Bb2 37. Kd1 Ba3 38. f3
Bc5 39. Kc2 Be3 40. Bc3 Bd4 41. Bxd4 exd4 42. Kb1 Kc5 43. Kc2 Kb4 44. Kb2
a5 45. f4 a4 46. bxa4 Kxa4 47. Ka2
1/2-1/2

[Event "First Frome Open"]
[Site "?"]
[Date "1990.05.20"]
[Round "5"]
[White "M. Brown"]
[Black "G. Jepps"]
[WhiteElo "1890"]
[BlackElo "1890"]
[Result "0-1"]

1. e4 d6 2. d4 Nf6 3. Nc3 g6 4. f4 Bg7 5. Nf3 O-O 6. Bc4 c5 7. d5 e6 8.
dxe6 Bxe6 9. Bxe6 fxe6 10. e5 dxe5 11. Qxd8 Rxd8 12. Nxe5 Nbd7 13. Nxd7
Rxd7 14. O-O Ng4 15. h3 Bd4+ 16. Kh1 Nf6 17. Ne2 Ne4 18. Rf3 Bg7 19. Re3
Rd1+ 20. Kh2 Nd2 21. Rxe6 Nf1+ 22. Kh1 Ne3+ 23. Kh2 Nxc2 24. Rb1 Nd4 25.
Re7 Nxe2 26. Rxe2 Rad8 27. Rc2 Bd4 28. b4 Bg1+ 29. Kg3 R1d3+ 30. Kg4 h5+
31. Kh4 Bd4 32. g4 Bf6+ 33. g5 Bc3 34. Bb2 cxb4 35. Bxc3 bxc3 36. Rb3 R8d4
37. Rf2 b6 38. Ra3 Re3 39. Rxa7 Rdd3 40. Rh2 c2 41. Ra8+ Kf7 42. Ra7+ Ke8
0-1

[Event "First Frome Open"]
[Site "?"]
[Date "1990.05.20"]
[Round "5"]
[White "M. Franklin"]
[Black "A. Ponting"]
[WhiteElo "2255"]
[BlackElo "1890"]
[Result "1-0"]

1. d4 d5 2. Nf3 Nf6 3. e3 e6 4. Bd3 c5 5. c3 cxd4 6. exd4 Be7 7. O-O O-O 8.
Re1 a6 9. h3 b5 10. a3 Qb6 11. Bf4 Nbd7 12. Nbd2 Bb7 13. Qe2 Rfe8 14. Ne5
Nxe5 15. Bxe5 Bc6 16. Bc2 a5 17. Qd3 g6 18. b4 axb4 19. axb4 Rxa1 20. Rxa1
Ra8 21. Rxa8+ Bxa8 22. Nb3 Qa6 23. Nc5 Qa1+ 24. Kh2 Bc6 25. Qe3 Qa2 26. Qc1
Be8 27. Kg1 Bc6 28. g3 Be8 29. Bd3 Qa7 30. Qf1 Qb6 31. Qa1 Nd7 32. Qa8 Qd8
33. Qxd8
1-0

[Event "First Frome Open"]
[Site "?"]
[Date "1990.05.20"]
[Round "5"]
[White "D. Littlejohns"]
[Black "S. Hill"]
[WhiteElo "1990"]
[BlackElo "2250"]
[Result "0-1"]

1. e4 c6 2. d4 d5 3. Nc3 g6 4. Nf3 Bg7 5. Be2 dxe4 6. Nxe4 Nd7 7. c3 Ngf6
8. Nxf6+ Nxf6 9. O-O O-O 10. h3 Be6 11. Bf4 Qb6 12. Qc2 c5 13. dxc5 Qxc5
14. Be3 Qc7 15. Rfd1 Nd5 16. Nd4 Nxe3 17. Nxe6 Qe5 18. fxe3 Qxe3+ 19. Kh1
Qxe6 20. Bf3 Rab8 21. Qe2 Be5 22. Rd3 Qf6 23. Rf1 Qf4 24. g4 Qg5 25. Rd5 f6
26. Rd7 Rfd8 27. Rfd1 Rxd7 28. Rxd7 Qc1+ 29. Kg2 Qf4 30. Kf1 Kf8 31. Qg2
Bd6 32. Ke1 Qc1+ 33. Bd1 Ke8 34. Rxb7 Rd8 35. Qc6+ Kf8 36. Rd7 Rxd7 37.
Qxd7 Bg3+ 38. Kf1 Qf4+ 39. Ke2 Qe4+ 40. Kf1 Qe1+
0-1

[Event "First Frome Open"]
[Site "?"]
[Date "1990.05.20"]
[Round "5"]
[White "B. Gosling"]
[Black "J. Fewkes"]
[WhiteElo "1810"]
[BlackElo "2030"]
[Result "1-0"]

1. Nf3 d5 2. g3 c6 3. d3 Bg4 4. Nbd2 Nd7 5. Bg2 e6 6. O-O Bd6 7. e4 Ne7 8.
Qe1 O-O 9. e5 Bc7 10. h3 Bh5 11. d4 c5 12. c3 cxd4 13. cxd4 Bb6 14. Nb3 Nc6
15. Bg5 Qb8 16. Qd2 a6 17. Kh2 Qa7 18. Rad1 Bd8 19. Bxd8 Raxd8 20. g4 Bg6
21. Nh4 Qb6 22. f4 Be4 23. f5 Bxg2 24. Nxg2 Ndxe5 25. dxe5 Nxe5 26. f6 gxf6
27. Rxf6 Qd6 28. Kh1 Rc8 29. Rdf1 Rc4 30. Nd4 Qc5 31. Nxe6
1-0